Zhodnotenie hospodárenia MSP s prostriedkami z eurofondov

Formy finančnej pomoci pre malé a stredné podniky a čerpanie zo štrukturálnych fondov EÚ. Zostavovanie projektovej dokumentácie a podávanie žiadostí. Podmienky a úspešnosť získania eurofondov pre súkromný sektor. Finančné zdroje EÚ a rozvoj slovenského hospodárstva.

Guardado en:
Detalles Bibliográficos
Autor principal: Šúbertová, Elena
Otros Autores: Hricová Hudáková, Mária
Formato: Capítulo de libro
Lenguaje:eslovaco
Materias:
Etiquetas: Agregar Etiqueta
Sin Etiquetas, Sea el primero en etiquetar este registro!

MARC

LEADER 00000naa$a2200000$$$4500
001 0109061
005 20240521121213.8
041 0 |a slo 
044 |a SK 
245 1 0 |a Zhodnotenie hospodárenia MSP s prostriedkami z eurofondov  |c Elena Šúbertová, Mária Hricová Hudáková 
520 |a Formy finančnej pomoci pre malé a stredné podniky a čerpanie zo štrukturálnych fondov EÚ. Zostavovanie projektovej dokumentácie a podávanie žiadostí. Podmienky a úspešnosť získania eurofondov pre súkromný sektor. Finančné zdroje EÚ a rozvoj slovenského hospodárstva. 
610 2 0 |a Európska únia 
610 2 0 |a Slovensko 
610 2 0 |a projekty medzinárodné 
610 2 0 |a spolupráca medzinárodná 
610 2 0 |a sektor súkromný 
610 2 0 |a fondy štruktúrne 
100 1 |a Šúbertová, Elena 
700 1 |a Hricová Hudáková, Mária